Proceedings of the national workshop on reforestation and afforestation of mangroves in Vietnam Can Gio, Ho Chi Minh city. 6-8 August 1994
The proceeding collects papers presented at the workshop on reforestation and afforestation of mangroves in Vietnam held at Can Gio, Ho Chi Minh city. The papers focus on conditions, reasons for and consequences of the reduction of mangroves of Vietnam. The papers also provide the results in restor...
Đã lưu trong:
| Format: | Bog |
|---|---|
| Sprog: | Undetermined |
| Udgivet: |
Ha Noi
MERC & ACTMANG
1994
|
| Fag: | |
| Tags: |
Tilføj Tag
Ingen Tags, Vær først til at tagge denne postø!
|
| Thư viện lưu trữ: | Trung tâm Học liệu Trường Đại học Cần Thơ |
|---|
| LEADER | 01383nam a2200205Ia 4500 | ||
|---|---|---|---|
| 001 | CTU_143071 | ||
| 008 | 210402s9999 xx 000 0 und d | ||
| 082 | |a 333.7515 | ||
| 082 | |b P963 | ||
| 245 | 0 | |a Proceedings of the national workshop on reforestation and afforestation of mangroves in Vietnam | |
| 245 | 0 | |b Can Gio, Ho Chi Minh city. 6-8 August 1994 | |
| 245 | 0 | |c Organized by Mangroves Ecosystem Research Center...[et al.] ; Sponsored by Action for Mangroves reforestation, Japan | |
| 260 | |a Ha Noi | ||
| 260 | |b MERC & ACTMANG | ||
| 260 | |c 1994 | ||
| 520 | |a The proceeding collects papers presented at the workshop on reforestation and afforestation of mangroves in Vietnam held at Can Gio, Ho Chi Minh city. The papers focus on conditions, reasons for and consequences of the reduction of mangroves of Vietnam. The papers also provide the results in restoring and planting the forests technical method and experience, initial results in nursery garden formation, some results in growth, biomass, the fluence of salinity on the growth ability, fruiting cycles and mature propagules of some essential species | ||
| 650 | |a Mangrove forests,Mangrove restoration,Rừng ngập mặn,Khôi phục rừng ngập mặn | ||
| 650 | |z Vietnam,Vietnam,Việt Nam,Việt Nam | ||
| 910 | |a Huỳnh Mai | ||
| 980 | |a Trung tâm Học liệu Trường Đại học Cần Thơ | ||